Ballon d'Or 1993 - Statistiken

Allgemein
  • Dieses Quiz wurde 45 mal gespielt
  • Das Durchschnittsergebnis liegt bei 13 aus 30
Antwortstatistiken
Platz Land Verein/e Nation Punkte % Korrekt
7. Paolo Maldini AC Mailand Italien 19
83%
3. Eric Cantona Manchester United Frankreich 34
81%
12. Hristo Stoichkov FC Barcelona Bulgarien 6
81%
5. Michael Laudrup FC Barcelona Dänemark 27
76%
12. Ruud Gullit AC Mailand/Sampdoria Genua Niederlande 6
76%
21. Dino Baggio Juventus Turin Italien 2
74%
1. Roberto Baggio Juventus Turin Italien 192
74%
18. Jari Litmanen Ajax Amsterdam Finnland 3
71%
9. Ryan Giggs Manchester United Wales 9
69%
12. Peter Schmeichel Manchester United Dänemark 6
67%
6. Franco Baresi AC Mailand Italien 24
62%
9. Stéphane Chapuisat Borussia Dortmund Schweiz 9
57%
18. Ronald Koeman FC Barcelona Niederlande 3
52%
18. Andreas Herzog SV Werder Bremen Österreich 3
50%
26. Martin Dahlin Borussia Mönchengladbach Schweden 1
48%
11. Andreas Möller Juventus Turin Deutschland 7
40%
2. Dennis Bergkamp Ajax Amsterdam/Inter Mailand Niederlande 83
40%
17. Enzo Scifo FC Turin/AS Monaco Belgien 4
36%
15. Rune Bratseth SV Werder Bremen Norwegen 5
31%
26. Tomas Brolin AC Parma Schweden 1
26%
21. David Platt Juventus Turin/Sampdoria Genua England 2
21%
8. Emil Kostadinov FC Porto Bulgarien 11
10%
4. Alen Boksic Olympique Marseille Kroatien 29
7%
21. Giuseppe Signori Lazio Rom Italien 2
7%
21. Sergei Kiriakov Karlsruher SC Russland 2
7%
15. Basile Boli Olympique Marseille Frankreich 5
5%
26. Georges Grün AC Parma Belgien 1
2%
26. Paul McGrath Aston Villa Irland 1
2%
26. Stelios Manolas AEK Athen Griechenland 1
2%
21. Franck Sauzée Olympique Marseille/Atalanta Bergamo Frankreich 2
0%
Keine übereinstimmenden Quizze gefunden
Verteilung der Resultate
Anzahl Personen mit jedem Resultat
Perzentil nach korrekt beantworteten Fragen
Ihre Resultats-Entwicklung
Sie haben dieses Quiz noch nicht gespielt